| 000 | 00450nam a22001817a 4500 | ||
|---|---|---|---|
| 005 | 20170301103031.0 | ||
| 008 | 170301b xxu||||| |||| 00| 0 eng d | ||
| 020 | _a9789350259535 | ||
| 040 | _cPK-LaUMT | ||
| 082 |
_a615.845 _bKHA-B |
||
| 100 | _aKhatri, Subhash M | ||
| 245 |
_aBasics of electrotherapy/ _cSubhash M. Khatri |
||
| 250 | _a2nd | ||
| 260 |
_aNew Delhi; _bJaypee brother , _c2012 |
||
| 300 | _a162 p. | ||
| 546 | _aEN | ||
| 942 | _cBK | ||
| 999 |
_c91303 _d91303 |
||